Mikala Dwyer / (Record no. 607)
[ view plain ]
| 000 -LEADER | |
|---|---|
| campo de control de longitud fija | 01268cam a2200301 a 4500 |
| 001 - NÚMERO DE CONTROL | |
| campo de control | 12677157 |
| 005 - FECHA Y HORA DE LA ÚLTIMA TRANSACCIÓN | |
| campo de control | 20220326193324.0 |
| 008 - DATOS DE LONGITUD FIJA--INFORMACIÓN GENERAL | |
| campo de control de longitud fija | 020212s2000 at a bc 000 0 eng d |
| 010 ## - NÚMERO DE CONTROL DE LA BIBLIOTECA DEL CONGRESO | |
| Número de control de LC | 2002327855 |
| 020 ## - NÚMERO INTERNACIONAL ESTÁNDAR DEL LIBRO | |
| Número Internacional Estándar del Libro | 1875632719 |
| 040 ## - FUENTE DE CATALOGACIÓN | |
| Centro catalogador/agencia de origen | ANL |
| Lengua de catalogación | eng |
| Centro/agencia transcriptor | DLC |
| Centro/agencia modificador | ANL |
| -- | DLC |
| 042 ## - CÓDIGO DE AUTENTICACIÓN | |
| Código de autenticación | lccopycat |
| 043 ## - CÓDIGO DE ÁREA GEOGRÁFICA | |
| Código de área geográfica | u-at--- |
| 082 ## - NÚMERO DE LA CLASIFICACIÓN DECIMAL DEWEY | |
| Número de clasificación | 708 |
| Número de ítem | D 993m |
| 100 1# - ENTRADA PRINCIPAL--NOMBRE DE PERSONA | |
| Nombre de persona | Dwyer, Mikala, |
| Fechas asociadas al nombre | 1959- |
| 9 (RLIN) | 2715 |
| 245 10 - MENCIÓN DEL TÍTULO | |
| Título | Mikala Dwyer / |
| Mención de responsabilidad, etc. | essays by Edward Colless and Linda Michael ; edited by Linda Michael. |
| 260 ## - PUBLICACIÓN, DISTRIBUCIÓN, ETC. | |
| Lugar de publicación, distribución, etc. | Sydney: Australia |
| Nombre del editor, distribuidor, etc. | Museum of Contemporary Art, |
| Fecha de publicación, distribución, etc. | 2000. |
| 300 ## - DESCRIPCIÓN FÍSICA | |
| Extensión | 79 p |
| Otras características físicas | ill (col) |
| Dimensiones | 21 x 26 cm. |
| 500 ## - NOTA GENERAL | |
| Nota general | Catalogue of an exhibition held at the Museum of Contemporary Art, Sydney, 6 Dec. 2000-28 Jan. 2001. |
| 504 ## - NOTA DE BIBLIOGRAFÍA, ETC. | |
| Nota de bibliografía, etc. | Includes bibliographical references (p. 78-79). |
| 600 10 - PUNTO DE ACCESO ADICIONAL DE MATERIA--NOMBRE DE PERSONA | |
| Nombre de persona | Dwyer, Mikala, |
| Fechas asociadas al nombre | 1959- |
| Subdivisión de forma | Exhibitions. |
| 9 (RLIN) | 2716 |
| 650 #0 - PUNTO DE ACCESO ADICIONAL DE MATERIA--TÉRMINO DE MATERIA | |
| Término de materia o nombre geográfico como elemento de entrada | Installations (Art) |
| Subdivisión geográfica | Australia |
| Subdivisión de forma | Exhibitions. |
| Subdivisión general | Instalaciones-Arte-Australia-Exhibiciones |
| -- | Arte moderno |
| 9 (RLIN) | 2717 |
| 700 1# - ENTRADA AGREGADA--NOMBRE PERSONAL | |
| Nombre de persona | Colless, Edward. |
| 9 (RLIN) | 2718 |
| 700 1# - ENTRADA AGREGADA--NOMBRE PERSONAL | |
| Nombre de persona | Michael, Linda. |
| 9 (RLIN) | 2719 |
| 710 2# - ENTRADA AGREGADA--NOMBRE DE ENTIDAD CORPORATIVA | |
| Nombre de entidad corporativa o nombre de jurisdicción como elemento de entrada | Museum of Contemporary Art (Sydney, N.S.W.) |
| 9 (RLIN) | 2720 |
| 906 ## - ELEMENTOS DE DATOS F LOCAL, LDF (RLIN) | |
| a | 7 |
| b | cbc |
| c | copycat |
| d | 3 |
| e | ncip |
| f | 20 |
| g | y-gencatlg |
| Estatus retirado | Estado de pérdida | Fuente del sistema de clasificación o colocación | Estado de daño | No para préstamo | Biblioteca de origen | Biblioteca actual | Ubicación en estantería | Fecha de adquisición | Total de préstamos | Signatura topográfica completa | Código de barras | Visto por última vez | Precio de reemplazo | Tipo de ítem Koha |
|---|---|---|---|---|---|---|---|---|---|---|---|---|---|---|
| Clasificación Decimal Dewey | Biblioteca LadoV | Biblioteca LadoV | 22/05/2015 | 708 D 993m | 000745 | 22/05/2015 | 22/05/2015 | Material 01 |
